ما حو لیا تی بحر ا ن :ا سبا ب و علا ج (Record no. 147091)

MARC details
000 -LEADER
fixed length control field 00952nam a22002177a 4500
005 - DATE AND TIME OF LATEST TRANSACTION
control field 20171129122504.0
010 ## - LCCN (DPL NO)
LC control number UR-9874
020 6# - INTERNATIONAL STANDARD BOOK NUMBER
Terms of availability 35.00
035 ## - SYSTEM CONTROL NUMBER
System control number U-8429
037 ## - SOURCE OF ACQUISITION
Source of stock number/acquisition DBAD/PUB
082 ## - DEWEY DECIMAL CLASSIFICATION NUMBER
Classification number 330
100 ## - MAIN ENTRY--PERSONAL NAME
Personal name پر و فیسر سید مسعو د ا حمد
245 ## - TITLE STATEMENT
Title ما حو لیا تی بحر ا ن :ا سبا ب و علا ج
Statement of responsibility, etc پر و فیسر سید مسعو د ا حمد
246 ## - VARYING FORM OF TITLE
Remainder of title
Title proper/short title Mahoolyati Bohiran Asbab-o-Elaj
250 ## - EDITION STATEMENT
Edition statement by Prof.Sayyid Masood Ahmad
260 ## - PUBLICATION, DISTRIBUTION, ETC. (IMPRINT)
Place of publication, distribution, etc نئی د لی
Name of publisher, distributor, etc Merkazi Maktaba Islami Publishers
Date of publication, distribution, etc 2011
270 ## - ADDRESS
Address D307,Dawat Nagar,Abul Fazal Enclave,Jamia Nagar ,
City New Delhi
Postal code 110025
Telephone number 01126971652
Fax number -
300 ## - PHYSICAL DESCRIPTION
Extent 87ص
Dimensions 22 Cm.(B.b)
500 ## - GENERAL NOTE
General note دو حصہ
942 ## - ADDED ENTRY ELEMENTS (KOHA)
Source of classification or shelving scheme Dewey Decimal Classification
Item type Urdu Bks
Classification part 330
Call number suffix س ی د
Edition
Holdings
Withdrawn status Lost status Not for loan Collection code Home library Current library Date acquired Source of acquisition Cost, normal purchase price Full call number Barcode Copy number Cost, replacement price Koha item type
    Not For Loan Non-fiction D.B.Act.Division D.B.Act.Division 02/11/2017 DBAD/PUB. 35.00 330 س ی د U-8429 1 35.00 Urdu Bks

© Delhi Public Library
Hit Counter
free hit counter